| 000 | 00727aam a2200289 4500 | ||
|---|---|---|---|
| 005 | 20240719133821.0 | ||
| 008 | 150415b2007 cr ||||| |||| 00| 0 spa d | ||
| 020 | _a9977050627 | ||
| 041 | _aESP | ||
| 082 | _a584.4 S939c | ||
| 100 |
_aSuárez Bolaños, Edgar _9913 |
||
| 245 | _aCómo cultivar orquídeas en su casa | ||
| 260 | _aCosta Rica | ||
| 260 | _bMundo Gráfico de San José | ||
| 260 | _c2007 | ||
| 300 | _a230 páginas | ||
| 505 | _aIncluye ilustraciones y fotografías | ||
| 650 | _aORQUÍDEAS | ||
| 650 | _aCULTIVOS | ||
| 650 | _aFLORICULTURA | ||
| 650 | _aGERMINACIÓN DE SEMILLAS | ||
| 650 | _aPLAGAS | ||
| 650 | _aBIODIVERSIDAD | ||
| 650 | _aECOLOGÍA | ||
| 942 |
_cBK _2ddc |
||
| 999 |
_c4631 _d4631 |
||